Catalog

Record Details

Catalog Search



Available copies

  • 3 of 3 copies available at LARL/NWRL Consortium.
  • 2 of 2 copies available at Lake Agassiz Regional Library. (Show preferred library)

Current holds

0 current holds with 3 total copies.

Show Only Available Copies
Location Call Number / Copy Notes Barcode Shelving Location Status Due Date
Breckenridge Public Library J MIL (Text) 33500012789046 Main Available -
Fertile Public Library J MIL (Text) 33500012789061 Main Available -
Godel Memorial-Warren Library j MIL (Text) 35500006881500 Main Available -

Record details

  • ISBN: 9781338212655
  • ISBN: 1338212656
  • Physical Description: 85 pages ; 20 cm.
  • Publisher: New York, NY : Scholastic, Inc., [2018]

Content descriptions

Summary, etc.:
"While walking in a snowstorm, Lizzie sees two ... Read More
Target Audience Note:
Appeals to 2nd-3rd graders.
Reading level grade 3.
Subject: German shepherd dog > Juvenile fiction.
Human-animal relationships > Juvenile fiction.
Dogs > Juvenile fiction.
Puppies > Juvenile fiction.
Animal rescue > Juvenile fiction.
Dog adoption > Juvenile fiction.
German shepherd dog > Fiction.
Dogs > Fiction.
Animal rescue.
Dog adoption.
Dogs.
German shepherd dog.
Human-animal relationships.
Puppies.
Dogs > Fiction.
White German shepherd dogs > Fiction.
German shepherd dog > Juvenile fiction.
Animal rescue > Juvenile fiction.
Dog adoption > Juvenile fiction.
Puppies > Juvenile fiction.
Dogs > Juvenile fiction.
Human-animal relationships > Juvenile fiction.
Genre: Animal fiction.
Fiction.
Juvenile works.
Animal fiction.
LDR 02722cam a2200661Ii 4500
001300199
003LARL_NWRL_CONSORTIUM
00520181016153250.0
008180109t20182018nyu j 000 1 eng d
040 . ‡aYDX ‡beng ‡erda ‡cYDX ‡dBDX ‡dIHI ‡dOCLCF ‡dGK8 ‡dOCL ‡dTXBVM ‡dOCLCQ ‡dHQD ‡dTXMGM ‡dOCLCO
020 . ‡a9781338212655 ‡q(paperback)
020 . ‡a1338212656 ‡q(paperback)
035 . ‡a(OCoLC)1018097915
08204. ‡a813/.6 ‡223
1001 . ‡aMiles, Ellen, ‡eauthor. ‡0(LARL_NWRL_CONSORTIUM)189979
24510. ‡aSpirit. ‡n#50 / ‡cEllen Miles.
264 1. ‡aNew York, NY : ‡bScholastic, Inc., ‡c[2018]
264 4. ‡c©2018
300 . ‡a85 pages ; ‡c20 cm.
336 . ‡atext ‡btxt ‡2rdacontent
337 . ‡aunmediated ‡bn ‡2rdamedia
338 . ‡avolume ‡bnc ‡2rdacarrier
4900 . ‡aPuppy place ; ‡v50
5212 . ‡aAppeals to 2nd-3rd graders.
5210 . ‡aReading level grade 3.
520 . ‡a"While walking in a snowstorm, Lizzie sees two dark eyes and a little black nose. It's Spirit, a white German shepherd puppy! Spirit's owners found new homes for all of his brothers and sisters, but they still don't have a place for him. Can Lizzie find a forever home for this helpful little pup?"--Page 4 of cover.
650 0. ‡aGerman shepherd dog ‡vJuvenile fiction.
650 0. ‡aHuman-animal relationships ‡vJuvenile fiction. ‡0(LARL_NWRL_CONSORTIUM)169688
650 0. ‡aDogs ‡vJuvenile fiction. ‡0(LARL_NWRL_CONSORTIUM)164650
650 0. ‡aPuppies ‡vJuvenile fiction. ‡0(LARL_NWRL_CONSORTIUM)174509
650 0. ‡aAnimal rescue ‡vJuvenile fiction.
650 0. ‡aDog adoption ‡vJuvenile fiction.
650 1. ‡aGerman shepherd dog ‡vFiction.
650 1. ‡aDogs ‡vFiction. ‡0(LARL_NWRL_CONSORTIUM)164539
650 7. ‡aAnimal rescue. ‡2fast ‡0(LARL_NWRL_CONSORTIUM)37518
650 7. ‡aDog adoption. ‡2fast ‡0(LARL_NWRL_CONSORTIUM)41166
650 7. ‡aDogs. ‡2fast ‡0(LARL_NWRL_CONSORTIUM)178047
650 7. ‡aGerman shepherd dog. ‡2fast ‡0(LARL_NWRL_CONSORTIUM)21154
650 7. ‡aHuman-animal relationships. ‡2fast ‡0(LARL_NWRL_CONSORTIUM)22511
650 7. ‡aPuppies. ‡2fast ‡0(LARL_NWRL_CONSORTIUM)29155
650 7. ‡aDogs ‡vFiction. ‡2sears ‡0(LARL_NWRL_CONSORTIUM)164539
650 7. ‡aWhite German shepherd dogs ‡vFiction. ‡2sears
650 4. ‡aGerman shepherd dog ‡vJuvenile fiction.
650 4. ‡aAnimal rescue ‡vJuvenile fiction.
650 4. ‡aDog adoption ‡vJuvenile fiction.
650 4. ‡aPuppies ‡vJuvenile fiction. ‡0(LARL_NWRL_CONSORTIUM)174509
650 4. ‡aDogs ‡vJuvenile fiction. ‡0(LARL_NWRL_CONSORTIUM)164650
650 4. ‡aHuman-animal relationships ‡vJuvenile fiction. ‡0(LARL_NWRL_CONSORTIUM)169688
655 7. ‡aAnimal fiction. ‡2fast
655 7. ‡aFiction. ‡2fast
655 7. ‡aJuvenile works. ‡2fast
655 7. ‡aAnimal fiction. ‡2lcgft
901 . ‡a300199 ‡b ‡c300199 ‡tbiblio

Additional Resources